|
|
|
|
| LEADER |
01246nam a2200301 a 4500 |
| 001 |
11821732 |
| 008 |
120731s1998 bg b 001 0 eng |
| 010 |
|
|
|a 99936269
|
| 020 |
|
|
|a 9840514539
|
| 040 |
|
|
|a DLC
|c DLC
|d DLC
|d BD-DhAAL
|
| 042 |
|
|
|a lcode
|
| 043 |
|
|
|a a-bg---
|
| 050 |
0 |
0 |
|a JQ639.A15
|b H357 1998
|
| 082 |
0 |
0 |
|a 320.95492
|2 21
|
| 100 |
1 |
|
|a Hasanuzzaman, Al Masud.
|
| 245 |
1 |
0 |
|a Role of opposition in Bangladesh politics /
|c Al Masud Hasanuzzaman.
|
| 246 |
3 |
0 |
|a Opposition in Bangladesh politics
|
| 260 |
|
|
|a Dhaka
|b University Press,
|c 1998.
|
| 300 |
|
|
|a xii, 268 p. ;
|c 22 cm.
|
| 504 |
|
|
|a Includes bibliographical references (p. [243]-258) and index.
|
| 541 |
|
|
|e 00025722
|
| 650 |
|
0 |
|a Democracy
|z Bangladesh.
|
| 650 |
|
0 |
|a Cabinet system
|z Bangladesh.
|
| 651 |
|
0 |
|a Bangladesh
|x Politics and government.
|
| 852 |
1 |
|
|a Ayesha Abed Library
|c General Shelf.
|
| 999 |
|
|
|c 12675
|d 12675
|
| 952 |
|
|
|0 0
|1 0
|2 ddc
|4 0
|6 320_954920000000000_HAS
|7 0
|9 20927
|a IGS
|b IGS
|c GEN
|d 2012-08-05
|e The University Press
|g 350.00
|l 1
|m 2
|o 320.95492 HAS
|p 3010025722
|r 2014-06-09
|s 2013-02-18
|t 1
|w 2012-08-05
|y BK
|
| 952 |
|
|
|0 0
|1 0
|2 ddc
|4 0
|6 320_954920000000000_HAS
|7 0
|9 43674
|a IGS
|b IGS
|c GEN
|d 2007-11-19
|g 350.00
|l 0
|o 320.95492 HAS
|p 3010016659
|r 2014-09-04
|t 2
|w 2014-09-04
|y BK
|